| 000 | 00637nam a2200265Ia 4500 | ||
|---|---|---|---|
| 005 | 20260121165629.0 | ||
| 008 | 008 260114s9999 xx 000 0 eng d | ||
| 020 | _a9783662534267 | ||
| 037 | _aEBOOK | ||
| 040 | _aCRL | ||
| 040 | _beng | ||
| 040 | _cCRL | ||
| 041 | _2eng | ||
| 041 | _aeng | ||
| 084 | _qCRL | ||
| 100 |
_aCyril Gavoille, David Ilcinkas _91054101 |
||
| 245 | 0 | _aDistributed Computing | |
| 260 | _bSpringer | ||
| 260 | _bSpringer | ||
| 260 | _c2016 | ||
| 856 | _uhttps://link.springer.com/openurl?genre=book&isbn=978-3-662-53426-7 | ||
| 942 | _cEBOOK | ||
| 999 |
_c1619827 _d1619827 |
||